书目信息 |
| 题名: |
东方
|
|
| 作者: | 魏巍 著 | |
| 分册: | 下册 | |
| 出版信息: | 北京 人民文学出版社 1985 |
|
| 页数: | 3册(1084页) | |
| 开本: | 22cm | |
| 丛书名: | 茅盾文学奖获奖作品全集 | |
| 单 册: | ||
| 中图分类: | I247.52 | |
| 科图分类: | ||
| 主题词: | 长篇小说 , 长篇小说--中国--当代 | |
| 电子资源: | ||
| ISBN: | 978-7-02-009685-5 | |
| 000 | 00719oam2 2200265 450 | |
| 001 | 139127 | |
| 005 | 20140910124212.65 | |
| 010 | @a978-7-02-009685-5@dCNY 68.00 | |
| 100 | @a20131008d1985 em y0chiy50 ea | |
| 101 | 0 | @achi |
| 102 | @aCN@b110000 | |
| 105 | @ay z 000ay | |
| 200 | 1 | @a东方@Adong fang@b专著@h下册@f魏巍著 |
| 205 | @a2版 | |
| 210 | @a北京@c人民文学出版社@d1985@h2013印 | |
| 215 | @a3册(1084页)@d22cm | |
| 225 | 2 | @a茅盾文学奖获奖作品全集 |
| 300 | @a本书荣获第一届茅盾文学奖 | |
| 410 | 0 | @1001002796598 |
| 606 | 0 | @a长篇小说 |
| 606 | 0 | @a长篇小说@y中国@z当代 |
| 690 | @aI247.52@v5 | |
| 701 | 0 | @a魏巍@Awei wei@f(1920 2008)@4著 |
| 801 | 0 | @c20140910 |
| 905 | @a241430@dI247.52@eW602:3=2 | |
| 东方.下册/魏巍著.-2版.-北京:人民文学出版社,1985(2013印) |
| 3册(1084页);22cm.-(茅盾文学奖获奖作品全集) |
| 本书荣获第一届茅盾文学奖 |
| ISBN 978-7-02-009685-5:CNY 68.00 |
| ● |
| 相关链接 |
|
|
|
正题名:东方
索取号:I247.52/W602:3=2
 
预约/预借
| 序号 | 登录号 | 条形码 | 馆藏地/架位号 | 状态 | 备注 |
| 1 | 0829369 | 208293693 | 文学库108/108文学库 998排6列1层/ [索取号:I247.52/W602:3=2] | 在馆 | |
| 2 | 0829370 | 208293700 | 文学库108/108文学库 998排6列1层/ [索取号:I247.52/W602:3=2] | 在馆 | |
| 3 | 0829371 | 208293719 | 文学库108/108文学库 998排6列1层/ [索取号:I247.52/W602:3=2] | 在馆 |